Die 100 beliebtesten ♂ ♀ Vornamen in Japan - Statistiken

Allgemein
  • Dieses Quiz wurde 32 mal gespielt
  • Das Durchschnittsergebnis liegt bei 11 aus 102
Antwortstatistiken
♀ / ♂ Name % Korrekt
Jungen - - > | Mädchen - - > ⤵️
64%
H4 Hana
40%
Y4 Yuki
40%
K2 Ko
36%
A2 Ai
32%
H4 Haru
28%
M3 Mei
28%
S4 Saki
28%
H4 Hina
24%
M3 Mio
24%
S6 Shinji
24%
Y3 Yui
24%
Y4 Yuna
24%
H6 Hinata
20%
S6 Sakura
20%
H6 Hikaru
16%
J3 Jun
16%
M4 Mina
16%
R3 Rio
16%
Y3 Yua
16%
Y4 Yuka
16%
A5 Akira
12%
A3 Aoi
12%
D6 Daniel
12%
K4 Kiko
12%
S4 Sota
12%
T7 Takashi
12%
W6 Wataru
12%
Y4 Yuko
12%
A5 Ayaka
8%
A5 Ayumi
8%
C5 Chika
8%
D7 Daisuke
8%
G5 Genki
8%
G6 Gotoku
8%
H6 Haruki
8%
H6 Hiromi
8%
H6 Hotaru
8%
K5 Kaito
8%
K5 Keiji
8%
K5 Kyoko
8%
M6 Momoka
8%
R5 Reiko
8%
S4 Sora
8%
Y4 Yuma
8%
A4 Airi
4%
A5 Akari
4%
D6 Daichi
4%
H6 Hayato
4%
H8 Hidemasa
4%
H6 Honoka
4%
K6 Koharu
4%
K4 Koki
4%
K4 Kota
4%
M6 Makoto
4%
M6 Megumi
4%
M6 Misaki
4%
M4 Miyu
4%
M6 Miyuki
4%
M6 Momoko
4%
N7 Naohiro
4%
R4 Riku
4%
S5 Saori
4%
S7 Satoshi
4%
S6 Shiori
4%
S5 Shogo
4%
S4 Suma
4%
T8 Takefusa
4%
T6 Takuma
4%
Y4 Yuto
4%
A10 Alessandro
0%
A7 Atsushi
0%
E4 Eiji
0%
G4 Gaku
0%
H6 Haruto
0%
H6 Hiroto
0%
H8 Hiroyuki
0%
K5 Kanon
0%
M5 Maika
0%
M6 Marcus
0%
M7 Masaaki
0%
M6 Masato
0%
R6 Remina
0%
R4 Risa
0%
R6 Ryusei
0%
S8 Shunsuke
0%
S6 Sosuke
0%
T8 Takayuki
0%
T6 Takuya
0%
T8 Tekehiro
0%
T8 Tsuyoshi
0%
Y9 Yoshihiro
0%
Y9 Yoshinori
0%
Y6 Yuichi
0%
Y5 Yuito
0%
Y5 Yusei
0%
Keine übereinstimmenden Quizze gefunden
Verteilung der Resultate
Anzahl Personen mit jedem Resultat
Perzentil nach korrekt beantworteten Fragen
Ihre Resultats-Entwicklung
Sie haben dieses Quiz noch nicht gespielt